| 000 | 01254cab a22002535a 4500 | ||
|---|---|---|---|
| 001 | L155717 | ||
| 008 | 120410s2012 xxk 000 0 eng d | ||
| 035 | _a(Sirsi) u155717 | ||
| 041 | 0 | _aeng | |
| 100 | 1 | _aJohn, Ed | |
| 245 | 0 | 0 | _aIt's never too late for rent reviews |
| 260 | _c2012 | ||
| 490 | 0 |
_aHogan Lovells Real Estate Quarterly _v Spring 2012, 8-9(2) |
|
| 520 | _aConsiders the impact of late rent reviews for both landlords and tenants. It is the rule rather than the exception that rent is reviewed late. Late rent reviews can be an expensive surprise for unsuspecting tenants. Tenants could negotiate for new leases a long stop date into the rent review revisions such as six years or the next rent review date. For existing leases an incoming tenant could seek a retention and indemnity from the outgoing tenant to protect it against any uplift if the review is later triggered by the landlord. | ||
| 590 | _aKA | ||
| 650 | 2 | 4 | _aSCOTTISH AND NEWCASTLE PLC V RAGUZ |
| 650 | 2 | 4 | _aBELLO V IDEAL VIEW |
| 650 | 2 | 4 | _aAMHERST V JAMES WALKER GOLDSMITH AND SILVERSMITH LTD |
| 651 | 4 |
_aEngland and Wales _y1543- |
|
| 690 |
_aLandlord and tenant _96252 |
||
| 690 |
_aCommercial property _96227 |
||
| 700 | 1 | _aDavison, Shanna | |
| 942 | _n0 | ||
| 999 |
_c83907 _d83907 |
||